| 000 | 01019cab a2200265 4500 | ||
|---|---|---|---|
| 001 | ABS49747 | ||
| 008 | 090401t1993 xxu||||| |||| 00| 0 eng d | ||
| 035 | _a(Sirsi) u72625 | ||
| 041 | _aeng | ||
| 100 | _aBlennerhassett, E. | ||
| 245 | _aGreen ideas in practice | ||
| 260 | _c1993 | ||
| 350 | _a0 | ||
| 490 |
_aFaculty of Building Journal _vWinter 1993, 27-31(5) |
||
| 520 | _aAssesses how effectively the new School of Engineering at De Montfort University implements the principles of natural lighting and ventilation, both in design and practice. | ||
| 650 | _aBUILT ENVIRONMENT-CONSTRUCTION DESIGN-ACOUSTICS | ||
| 650 | _aBUILT ENVIRONMENT-BUILDING ELEMENTS-COMPLETE BUILDING SERVICES ELEMENTS-COMPLETE HEATING, VENTILATION AND AIR CONDITIONING SYSTEMS | ||
| 650 |
_aBlock management _96220 |
||
| 650 | _aDAYLIGHTING | ||
| 650 | _aENERGY CONSUMPTION | ||
| 690 | _aBUILDING AND CONSTRUCTION-ENERGY MANAGEMENT | ||
| 690 | _aBUILDING AND CONSTRUCTION-PROJECTS | ||
| 942 | _n0 | ||
| 948 | _c04/03/1997 | ||
| 999 |
_c45907 _d45907 |
||